[Event "AUTO-OPEN-1098"]
[Site "http://www.queenalice.com/game.php?id=389942"]
[Date "2008.4.18"]
[Round "1"]
[White "ErnestoFonseca"]
[Black "DrkAlucard"]
[Result "1-0"]
[WhiteElo "1584"]
[BlackElo "1172"]

1. e4 e5 2. Nf3 Nf6 3. Nxe5 d6 4. Nf3 Nxe4 5. d4 d5 6. Bd3 c5 7. O-O cxd4 8.
Nbd2 Nd7 9. Bxe4 dxe4 10. Nxd4 Bc5 11. Nxe4 O-O 12. Nb3 Bb6 13. c4 Nf6 14. Qxd8
Bxd8 15. Nd6 Be6 16. Nd4 Bxc4 17. Nxc4 Bc7 18. Ne3 Rfe8 19. Bd2 Rad8 20. Bc3 Bb6
21. Rad1 Bxd4 22. Rxd4 Rxd4 23. Bxd4 b6 24. Bxf6 gxf6 25. Rc1 a5 26. Rc6 b5 27.
Rxf6 Kg7 28. Rf5 b4 29. Rxa5 Rd8 30. Kf1 Rc8 31. Rb5 Rc1+ 32. Ke2 Ra1 33. Rxb4
Rxa2 34. f4 1-0

[Event "AUTO-OPEN-1098"]
[Site "http://www.queenalice.com/game.php?id=389943"]
[Date "2008.4.18"]
[Round "1"]
[White "DrkAlucard"]
[Black "ErnestoFonseca"]
[Result "0-1"]
[WhiteElo "1191"]
[BlackElo "1683"]

1. e4 c5 2. c3 Nf6 3. f3 e5 4. h4 Nc6 5. a4 d5 6. Nh3 dxe4 7. fxe4 Nxe4 8. d3
Qxh4+ 9. Ke2 Bg4+ 10. Ke3 Bxd1 11. Be2 Bxe2 12. Kxe2 Ng3+ 13. Kf2 Nxh1+ 14. Kg1
Qe1+ 15. Kh2 Qxc1 16. Ng5 Qxg5 17. Kxh1 Qc1+ 18. Kh2 Qxb2 0-1

[Event "AUTO-OPEN-1098"]
[Site "http://www.queenalice.com/game.php?id=389960"]
[Date "2008.4.18"]
[Round "1"]
[White "DrkAlucard"]
[Black "gomonkey"]
[Result "0-1"]
[WhiteElo "1205"]
[BlackElo "1444"]

1. d4 d5 2. f3 f5 3. e4 f4 4. Bxf4 e6 5. Bg5 Qxg5 6. Nh3 Qe3+ 7. Be2 Nf6 8. g3
c5 9. f4 cxd4 10. c3 d3 11. Qxd3 d4 12. Nd2 Bc5 13. cxd4 Qxd4 14. Qxd4 Bxd4 15.
Bb5+ Bd7 16. a4 e5 17. Ng5 Bxb2 18. Nb3 Bxa1 19. Nxa1 Bxb5 20. axb5 b6 21. Ne6
Kd7 22. Nxg7 Nxe4 23. fxe5 Ke7 24. O-O Rg8 25. Nf5+ Ke6 26. Nb3 Rf8 27. Nfd4+
Kd5 28. Rxf8 Ng5 29. Rd8+ Kxe5 30. h4 Ne4 31. g4 a5 32. h5 a4 33. Nc1 a3 34. Nc2
a2 35. Nb3 Nc5 36. Re8+ Kf6 37. Rf8+ Kg5 38. Rg8+ Kh4 39. Rh8 Nxb3 40. Rxh7
a1=Q+ 41. Nxa1 Rxa1+ 42. Kg2 Ra2+ 43. Kf3 Nd4+ 44. Ke4 Ne6 45. h6 Ng5+ 46. Kf4
Nxh7 47. g5 Nxg5 48. Kf5 Nd7 49. Kf4 Rf2+ 50. Ke3 Rf3+ 51. Ke2 Kh5 52. h7 Rf8
53. Kd3 Nxh7 54. Kd4 Rf4+ 55. Ke3 Kg4 56. Kd3 Nc5+ 57. Ke3 Re4+ 58. Kf2 Nd3+ 59.
Kg2 Re2+ 60. Kf1 Rf2+ 61. Kg1 Kg3 62. Kh1 Rf1# 0-1

[Event "AUTO-OPEN-1098"]
[Site "http://www.queenalice.com/game.php?id=389961"]
[Date "2008.4.18"]
[Round "1"]
[White "gomonkey"]
[Black "DrkAlucard"]
[Result "1-0"]
[WhiteElo "1463"]
[BlackElo "1226"]

1. e3 Nh6 2. f4 Nc6 3. c4 d6 4. d4 e5 5. Qa4 Bd7 6. d5 Ne7 7. Qb4 c5 8. Qxb7
exf4 9. e4 g5 10. Na3 Ng4 11. Nb5 Bxb5 12. cxb5 Qc8 13. Qxc8+ Rxc8 14. a4 Ng6
15. Nf3 Ne3 16. Nxg5 Nc2+ 17. Kd1 Nxa1 18. Bc4 Bh6 19. Bxf4 Nxf4 20. Nf3 Bg7 21.
e5 Nxg2 22. Ke2 Nf4+ 23. Ke3 Ng2+ 24. Kf2 Nf4 25. Rxa1 Rb8 26. Re1 f6 27. e6
Nd3+ 28. Bxd3 Ra8 29. e7 a6 30. b6 Rb8 31. a5 h5 32. Re6 h4 33. Bg6+ Kd7 34. Nd2
Rh6 35. Bf7 Rhh8 36. Ne4 Bf8 37. Nxf6+ Kc8 38. e8=Q+ Kb7 39. Qc6# 1-0

[Event "PORTUGA II"]
[Site "http://www.queenalice.com/game.php?id=409568"]
[Date "2008.5.28"]
[Round "-"]
[White "perucona"]
[Black "DrkAlucard"]
[Result "0-1"]
[WhiteElo "1179"]
[BlackElo "1173"]

1. e4 Nh6 2. d4 e6 3. Bxh6 gxh6 4. Nf3 b6 5. Nc3 d5 6. exd5 exd5 7. Qd3 Ba6 8.
Qe3+ Be7 9. Bxa6 Nxa6 10. O-O-O O-O 11. Nd2 c5 12. dxc5 bxc5 13. Qg3+ Bg5 14. h4
d4 15. Ne4 f5 16. Nxg5 hxg5 17. hxg5 Qb6 18. g6 hxg6 19. Qxg6+ Qxg6 20. Rh2 Qg5
21. Rdh1 Qg4 22. Rh8+ Kg7 23. R1h7+ Kf6 24. Rh6+ Ke5 25. R8h7 Rf6 26. Rxf6 Kxf6
27. Rh6+ Kg7 28. Rxa6 Rh8 29. Rxa7+ Kg6 30. Ra6+ Kg5 31. f3 Qxg2 32. Kd1 Rh1+
33. Nf1 Rxf1# 0-1

[Event "AUTO-BEG-223"]
[Site "http://www.queenalice.com/game.php?id=415228"]
[Date "2008.6.9"]
[Round "1"]
[White "Peppone"]
[Black "DrkAlucard"]
[Result "1-0"]
[WhiteElo "1308"]
[BlackElo "1212"]

1. d4 e5 2. dxe5 Nc6 3. Nf3 Nh6 4. Nc3 Bb4 5. Bd2 Bxc3 6. Bxc3 d6 7. exd6 cxd6
8. Bxg7 Bg4 9. Bxh8 Bxf3 10. exf3 f6 11. Qe2+ Kf8 12. Qe6 1-0

[Event "AUTO-BEG-223"]
[Site "http://www.queenalice.com/game.php?id=415229"]
[Date "2008.6.9"]
[Round "1"]
[White "DrkAlucard"]
[Black "Peppone"]
[Result "0-1"]
[WhiteElo "1181"]
[BlackElo "1366"]

1. Nf3 d5 2. Na3 Nc6 3. d3 e5 4. Nb5 Nf6 5. Bg5 Be7 6. Bxf6 Bxf6 7. a4 O-O 8. a5
Re8 9. e3 Bd7 10. e4 dxe4 11. dxe4 Nb4 12. Ra4 Nc6 13. Bc4 a6 14. Nc3 Be6 0-1

[Event "AUTO-BEG-223"]
[Site "http://www.queenalice.com/game.php?id=415240"]
[Date "2008.6.9"]
[Round "1"]
[White "FranzMeM"]
[Black "DrkAlucard"]
[Result "0-1"]
[WhiteElo "1312"]
[BlackElo "1178"]

1. e4 e5 2. d4 exd4 3. Qxd4 Nc6 4. Qd5 Nf6 5. Qd3 b6 6. Nc3 Ne5 7. Qd4 Bd6 8.
Bg5 Bb7 9. b3 h6 10. Bxf6 gxf6 11. Bc4 Rg8 12. g3 h5 13. h4 a6 14. O-O-O Rg4 15.
Re1 a5 16. Nb1 a4 17. a3 axb3 18. Bxb3 Bxa3+ 19. Nxa3 Rxa3 20. Ne2 Rxe4 21. Qb4
Rxb4 22. f4 Nf3 23. Ng1+ Nxe1 24. Nh3 Bxh1 25. f5 Ra1+ 26. Kd2 Qe7 27. c3 Re4
28. Bxf7+ Kxf7 29. Nf2 Qd6+ 30. Nd3 Qxd3# 0-1

[Event "AUTO-BEG-223"]
[Site "http://www.queenalice.com/game.php?id=415241"]
[Date "2008.6.9"]
[Round "1"]
[White "DrkAlucard"]
[Black "FranzMeM"]
[Result "0-1"]
[WhiteElo "1191"]
[BlackElo "1300"]

1. Nh3 e5 2. b3 Nc6 3. d4 d5 4. Na3 exd4 5. Bg5 Qd6 6. Bf4 Qe7 7. Qc1 Nf6 8. Bg5
Bf5 9. Bxf6 Qxf6 10. Ng5 Nb4 11. Kd1 Nxc2 12. Nxc2 Bxc2+ 13. Kxc2 Qf5+ 14. Kd1
h6 15. Nf3 O-O-O 16. Nh4 Qf6 17. g3 g5 18. Nf3 Rd6 19. Bh3+ Kd8 20. Qd2 b6 21.
Rc1 c5 22. a3 Bg7 23. b4 c4 24. Nxd4 Re8 25. Nc6+ Rxc6 26. a4 Qe5 27. b5 c3 28.
Qc2 Qd4+ 29. Ke1 Rf6 30. Rd1 Qxf2# 0-1

[Event "AUTO-BEG-223"]
[Site "http://www.queenalice.com/game.php?id=415248"]
[Date "2008.6.9"]
[Round "1"]
[White "DrkAlucard"]
[Black "drowzee1872"]
[Result "0-1"]
[WhiteElo "1206"]
[BlackElo "1453"]

1. Nh3 e5 2. b3 d5 3. g3 Nc6 4. Nc3 a6 5. d3 d4 6. Nb1 Bb4+ 7. Nd2 Be6 8. a3 Bc3
9. Rb1 Nf6 10. b4 O-O 11. Rb3 Bxb3 12. cxb3 b5 13. Bg2 Qd6 14. Ng5 a5 15. bxa5
Rxa5 16. Ne4 Nxe4 17. Bxe4 Ne7 18. Kf1 Bxd2 19. Bxd2 Rxa3 20. Qe1 Rxb3 21. f4 f5
22. fxe5 Qxe5 23. Bg5 fxe4+ 24. Bf4 exd3 25. exd3 Qxe1+ 26. Kxe1 Rb1+ 27. Kf2
Rxh1 0-1

[Event "AUTO-BEG-223"]
[Site "http://www.queenalice.com/game.php?id=415249"]
[Date "2008.6.9"]
[Round "1"]
[White "drowzee1872"]
[Black "DrkAlucard"]
[Result "1-0"]
[WhiteElo "1259"]
[BlackElo "1196"]

1. e4 e6 2. Nf3 Bc5 3. d4 Bb6 4. c4 Nh6 5. Bxh6 gxh6 6. Nc3 d5 7. cxd5 exd5 8.
Nxd5 Ba5+ 9. b4 Bb6 10. Nxb6 axb6 11. Bc4 Bd7 12. O-O Ra4 13. Bxf7+ Kxf7 14.
Ne5+ Ke8 15. Qh5+ Kf8 16. Qf7# 1-0

[Event "AUTO-INT-937"]
[Site "http://www.queenalice.com/game.php?id=420631"]
[Date "2008.6.20"]
[Round "1"]
[White "DrkAlucard"]
[Black "Mehiel"]
[Result "0-1"]
[WhiteElo "1198"]
[BlackElo "1655"]

1. e3 d5 2. Nc3 e6 3. g3 Bb4 4. Na4 Nf6 5. b3 O-O 6. Nh3 Nc6 7. Qe2 Bd7 8. Bg2
Ne5 9. f4 Neg4 10. Ng5 Bxa4 11. bxa4 Qd7 12. Be4 dxe4 13. h3 Nh6 14. Bb2 Qxa4
15. Bxf6 gxf6 16. Nxe4 Qxc2 17. Qh5 Qb2 18. Nxf6+ Qxf6 19. Rb1 a5 20. h4 Rad8
21. Rg1 Rxd2 22. g4 Rb2+ 23. Kf1 Rxb1+ 24. Kg2 Rxg1+ 25. Kxg1 Qa1+ 26. Kf2 Qe1+
27. Kf3 Qf1+ 28. Ke4 f5+ 29. gxf5 Nxf5 0-1

[Event "AUTO-INT-937"]
[Site "http://www.queenalice.com/game.php?id=420632"]
[Date "2008.6.20"]
[Round "1"]
[White "Mehiel"]
[Black "DrkAlucard"]
[Result "1-0"]
[WhiteElo "1665"]
[BlackElo "1193"]

1. d4 Nc6 2. e3 e6 3. Nf3 Nf6 4. Bb5 Nb4 5. a3 Nbd5 6. O-O Bd6 7. Nc3 c6 8. Bc4
Qc7 9. Bxd5 Ng4 10. g3 cxd5 11. Nb5 Qc6 12. Nxd6+ Kd8 13. Nxf7+ Ke8 14. Nxh8 b6
15. Ne5 Nxe5 16. dxe5 Ba6 17. Re1 Ke7 18. Qg4 Rxh8 19. Qxg7+ Ke8 20. Qxh8+ Ke7
21. Qxh7+ Kd8 22. c3 b5 23. Bd2 Bb7 24. Rf1 Ba6 25. b4 Kc7 26. Rfe1 Kb6 27. f3
Qc4 28. Qxd7 Bc8 29. Qd6+ Kb7 30. e4 dxe4 31. Rxe4 Qb3 32. Be3 Qb2 33. Qe7+ Kb8
34. Qxa7# 1-0

[Event "AUTO-INT-937"]
[Site "http://www.queenalice.com/game.php?id=420633"]
[Date "2008.6.20"]
[Round "1"]
[White "DrkAlucard"]
[Black "sora07"]
[Result "0-1"]
[WhiteElo "1195"]
[BlackElo "1487"]

1. e3 e6 2. d3 Nf6 3. e4 Nc6 4. Bg5 Be7 5. c3 O-O 6. e5 Nd5 7. Bxe7 Ndxe7 8. d4
d6 9. exd6 cxd6 10. Bb5 Bd7 11. Bxc6 Bxc6 12. Na3 d5 13. c4 dxc4 14. Nxc4 Bd5
15. Ne3 Nc6 16. h4 Nb4 17. f3 a6 18. Ne2 b5 19. h5 Bc4 20. Nxc4 bxc4 21. b3 cxb3
22. axb3 Qd5 23. Nf4 Qd6 24. h6 Qxf4 25. Ra4 gxh6 26. Rxb4 Kh8 0-1

[Event "AUTO-INT-937"]
[Site "http://www.queenalice.com/game.php?id=420634"]
[Date "2008.6.20"]
[Round "1"]
[White "sora07"]
[Black "DrkAlucard"]
[Result "1-0"]
[WhiteElo "1482"]
[BlackElo "1200"]

1. Nf3 d5 2. d4 g6 3. e3 f6 4. Be2 e5 5. dxe5 fxe5 6. Nc3 c6 7. O-O Bg4 8. Bd2
Bxf3 9. Bxf3 Bb4 10. a3 Bxc3 11. Bxc3 d4 12. exd4 exd4 13. Bxd4 Nf6 14. Bxf6
Qxf6 15. Re1+ Kf8 16. b3 Na6 17. c4 b5 18. cxb5 cxb5 19. h3 Rd8 20. Qe2 Re8 21.
Qxe8+ Kg7 22. Qe7+ Qxe7 23. Rxe7+ Kf8 24. Rxa7 Nc5 25. Ra5 Nxb3 26. Ra8+ 1-0

[Event "AUTO-INT-937"]
[Site "http://www.queenalice.com/game.php?id=420635"]
[Date "2008.6.20"]
[Round "1"]
[White "DrkAlucard"]
[Black "neves"]
[Result "0-1"]
[WhiteElo "1198"]
[BlackElo "1473"]

1. e3 e5 2. Bc4 f6 3. Qh5+ g6 4. Qxg6+ hxg6 5. Nf3 d5 6. Bb3 e4 7. Ba4+ c6 8. d3
exf3 9. gxf3 b5 10. Bb3 a5 11. e4 a4 12. exd5 axb3 13. cxb3 cxd5 14. Nc3 b4 15.
Nd1 Ba6 16. Rg1 g5 17. Rg4 Qe7+ 18. Ne3 Bxd3 19. Rd4 Ba6 20. Bd2 Qb7 21. Nxd5
Rxh2 22. Re4+ Be7 23. Rd1 Rh1# 0-1

[Event "AUTO-INT-937"]
[Site "http://www.queenalice.com/game.php?id=420636"]
[Date "2008.6.20"]
[Round "1"]
[White "neves"]
[Black "DrkAlucard"]
[Result "1-0"]
[WhiteElo "1559"]
[BlackElo "1214"]

1. d4 Na6 2. a3 Nh6 3. e4 d6 4. d5 Bg4 5. f3 Bh5 6. g4 Bg6 7. g5 Ng8 8. h4 Bh5
9. c4 e6 10. Nc3 exd5 11. cxd5 c6 12. Bxa6 bxa6 13. dxc6 f6 14. Qd5 Ne7 15. c7
Qxc7 16. Qxa8+ Kf7 17. Nd5 Nxd5 18. Qxd5+ Ke8 19. gxf6 Bxf3 20. Nxf3 gxf6 21.
Qe6+ Be7 22. Bh6 Qd7 23. Qxd7+ Kxd7 24. b4 Rg8 25. Rg1 Rb8 26. Be3 Bf8 27. Bxa7
Rb7 28. Bd4 Bh6 29. Bxf6 Rxb4 30. axb4 Be3 31. Rg7+ Ke6 32. Bg5 d5 33. Bxe3 dxe4
34. Nd4+ Ke5 35. Rxa6 h6 36. Rxh6 1-0